书目信息 |
| 题名: |
公务员实用写作
|
|
| 作者: | 郜文斌 , 褚国刚 主编 | |
| 分册: | ||
| 出版信息: | 北京 中国人民大学出版社 1993 |
|
| 页数: | 315页 | |
| 开本: | 20cm | |
| 丛书名: | ||
| 单 册: | ||
| 中图分类: | H152.3 | |
| 科图分类: | 41.2383 | |
| 主题词: | 公文-写作--教材 , 写作-公文--教材 | |
| 电子资源: | ||
| ISBN: | 7-300-01653-7 | |
| 000 | 00669nam0 2200241 45 | |
| 001 | 0197024244 | |
| 005 | 20070708092107.56 | |
| 010 | @a7-300-01653-7@dCNY6.20 | |
| 100 | @a19970814d1993 y0chiy0121 ea | |
| 101 | 0 | @achi |
| 102 | @aCN@b110000 | |
| 105 | @ay z 000yy | |
| 200 | 10 | @a公务员实用写作@Agong wu yuan shi yong xie zuo@f郜文斌,褚国刚主编 |
| 210 | @a北京@c中国人民大学出版社@d1993 | |
| 215 | @a315页@d20cm | |
| 606 | @a公文-写作@x教材 | |
| 606 | @a写作-公文@x教材 | |
| 690 | @aH152.3@v3 | |
| 692 | @a41.2383 | |
| 701 | 0 | @a郜文斌@Agao wen bin@4主编 |
| 701 | 0 | @a褚国刚@Achu guo gang@4主编 |
| 801 | 0 | @aCN@bTSSF@c20070708 |
| 905 | @a10447@dH152.3@e408 | |
| 公务员实用写作/郜文斌,褚国刚主编.-北京:中国人民大学出版社,1993 |
| 315页;20cm |
| ISBN 7-300-01653-7:CNY6.20 |
| ● |
| 相关链接 |
|
|
|
|
正题名:公务员实用写作
索取号:H152.3/408
 
预约/预借
| 序号 | 登录号 | 条形码 | 馆藏地/架位号 | 状态 | 备注 |
| 1 | 0766611 | 207666113 | 第二样本阅览室/ [索取号:H152.3/408] | 在馆 |